Rubber plantation for development of Tripura (Record no. 67876)

MARC details
000 -LEADER
fixed length control field 00515nam a2200145Ia 4500
100 ## - MAIN ENTRY--AUTHOR NAME
Personal name Dey S.K
245 #0 - TITLE STATEMENT
Title Rubber plantation for development of Tripura
260 ## - PUBLICATION, DISTRIBUTION, ETC. (IMPRINT)
Name of publisher In: Development Paradigms and Bottom-up Approaches. (Eds. K.N. Jena, M.M. Semwal and R. Chattarjee). Abhijeet Publications, New Delhi, India, pp. 52-62.
500 ## - GENERAL NOTE
General note Source Year: 2009
650 ## - SUBJECT ADDED ENTRY--TOPICAL TERM
Topical Term Rubber plantation
650 ## - SUBJECT ADDED ENTRY--TOPICAL TERM
Topical Term Tripura
856 ## - ELECTRONIC LOCATION AND ACCESS
Uniform Resource Identifier Bibli details from author
942 ## - ADDED ENTRY ELEMENTS (KOHA)
Koha item type Journals
Holdings
Withdrawn status Lost status Damaged status Not for loan Home library Current library Shelving location Date acquired Koha item type
      Journals RRII Library RRII Library Rubber general 17/12/2021 Journals